000 01220nam a2200229Ia 4500
001 L203-2350
003 IT-CnALBA
008 170116s9999||||xx |||||||||||||| ||und||
040 _aIT-CnALBA
_cIT-CnALBA
041 _aITALIANO
100 _aROSCHINI P. GABRIELE, OSM.
245 0 _aDIZIONARIO DI MARIOLOGIA.
250 _a1a ed.
260 _aBERLINO
_bAUSLER E RUTHARDT
_c1960 [1° Ed.:1960 - Ed.Ling.Originale: 1960]
300 _a518 p. (prefazione: 12)
500 _aAVVERTENZA. SINTESI DELLA DOTTRINA MARIOLOGICA. ABBREVIAZIONI E SIGLE. REPORTORIO CRONOLOGICO DEI DOCUMENTI MARIANI DEI PONTEFICI ROMANI. INDICE SISTEMATICO DELLA MARIOLOGIA: DEFINIZIONE, DIVISIONE, ECCELLENZA, FONTI, MISSIONE SINGLARE DI MARIA, PRIVILEGI
501 _aSocietà San Paolo EM - Piazza San Paolo, 14 - 12051 ALBA (CN) (non commercial uses only) ® Copyright 2017
520 _aAVVERTENZA. SINTESI DELLA DOTTRINA MARIOLOGICA. ABBREVIAZIONI E SIGLE. REPORTORIO CRONOLOGICO DEI DOCUMENTI MARIANI DEI PONTEFICI ROMANI. INDICE SISTEMATICO DELLA MARIOLOGIA: DEFINIZIONE, DIVISIONE, ECCELLENZA, FONTI, MISSIONE SINGLARE DI MARIA, PRIVILEGI
650 _aDIZIONARI ED ENCICLOPEDIE CATTOLICI
942 _cBK
957 _71
999 _a3326
_bNO
_g Copie: 1
_c261534
_d261534